[Event "I Torneo entre Faros"]
[Site "?"]
[Date "2013.10.06"]
[Round "2"]
[White "Salgado, Ivan"]
[Black "Rapport, Richard"]
[Result "1/2-1/2"]
[WhiteElo "2624"]
[BlackElo "2676"]
[Annotator "MF Oscar de Prado"]
[PlyCount "75"]
[SourceDate "2010.01.11"]

1. e4 e6 2. d4 d5 3. Nc3 Bb4 4. exd5 {
Rapport no esperaba esta linea y reconocio que le molestaba un poco.} exd5
5. Bd3 c6 $5 {quizas esta jugada no es la mas acorde al estilo de Rapport.} (
5... Nc6 $1 {es la mas utilizada}) (5... Nf6) (5... Ne7) 6. Nge2 (6. Qf3) 6...
Ne7 (6... Nf6) (6... Bd6) 7. Ng3 (7. O-O) 7... O-O (7... Bd6) (7... Ng6 8. f4
Qe7+ 9. Kf2 Qh4 10. Re1+ Ne7 11. Kg1 O-O 12. Be3 Nd7 13. Bf2 Qxf4 14. Rxe7 {
Â1/2-Â1/2 (14) Glek,I (2635)-Huzman,A (2570) Haifa 1996}) 8. O-O Nd7 (8... Ng6
9. Qh5 (9. Nce2 Bd6 10. c3 Bg4 11. f3 Be6 12. Qc2 Qc8 13. Bd2 Nd7 14. f4 Bg4
15. f5 Bxe2 16. Nxe2 Ne7 17. Nf4 Nf6 18. Rae1 Qc7 19. Qd1 Rae8 20. g4 Nc8 21.
g5 Rxe1 22. Qxe1 Re8 23. Qh4 Ne4 24. Bc1 g6 25. Rf3 Qd8 26. f6 Kh8 27. Rh3 {
1-0 (27) Becerra Rivero,J (2510)-Rodriguez Vargas,O (2425) Mislata ESP 1997}) (
9. Re1) 9... Nd7 10. Bg5 Be7 11. f4 Nf6 12. Qf3 Qb6 13. f5 Ne5 14. Qf4 Nxd3 15.
cxd3 h6 16. Bh4 Qxb2 17. Rae1 Qb4 18. a3 Qxa3 19. Bxf6 Bxf6 20. Nh5 Qxc3 21.
Nxf6+ gxf6 22. Re3 Bxf5 23. Rg3+ Bg6 24. Qxf6 Qd2 25. h4 h5 26. Rf4 Kh7 27. Kh2
Rg8 28. Rg5 Rg7 29. Rf3 Re8 30. Rfg3 Qe2 31. Qf4 Qd1 32. Rf3 Re1 33. Kg3 Re2 {
0-1 (33) Naiditsch,A-Hertneck Gerald Bad Wiessee 1998}) 9. Bg5 {Ivan se desvia
de una partida donde a Rapport le jugaron Cce2,pero Ag5 parece mejor} (9. Nce2
Bd6 10. Re1 Re8 11. h3 Nf8 12. Be3 Nfg6 13. Qd2 Be6 14. Nh5 Nf5 15. Bxf5 Bxf5
16. Neg3 Bd7 17. Re2 f6 18. Rae1 Re7 19. Qd3 Qc7 20. Bd2 Rae8 21. c4 Bxg3 22.
Nxg3 Rxe2 23. Rxe2 Rxe2 24. Nxe2 Be6 25. c5 Qd7 26. f3 Bf5 27. Qa3 a6 28. g4
Qe7 29. Kf2 Bc8 30. Bf4 f5 31. Qe3 Kf7 32. Qxe7+ Kxe7 33. g5 Kf7 34. Kg3 Nf8
35. h4 Ne6 36. h5 Bd7 37. Kh4 g6 38. h6 Ke7 39. Bd6+ Kd8 40. f4 Be8 41. Kg3 Kd7
42. Be5 Kc8 43. Nc3 Nf8 44. Na4 Nd7 45. Bd6 Bf7 46. Kf3 Be8 47. Ke3 Bf7 48. Kd3
Be8 49. Kc3 Bf7 50. Kb4 Be8 51. Ka5 Bf7 52. b3 Be8 53. Nb2 Bf7 54. Nd3 Be8 55.
a4 Bf7 56. Nb4 Be8 57. Nxa6 bxa6 58. Kxa6 {
1-0 (58) Naiditsch,A (2708)-Rapport,R (2621) Wijk aan Zee NED 2013}) 9... f6 {
esta jugada debe ser casi la Ã_|nica decente} (9... h6 10. Qh5 f6 11. Bc1 {
parece bueno para las blancas}) (9... Re8 10. Nh5 $40) 10. Bd2 (10. Bc1) 10...
Rf7 (10... f5 $5 {es la recomendacion de Houdini}) (10... Nb6 11. Re1 Bd6
12. Qh5 g6 13. Qh6 Bxg3 14. hxg3 Bf5 15. Qe3 Rf7 16. b3 Qd7 17. Ne2 Bxd3 18.
Qxd3 Qf5 19. Qc3 g5 20. Nc1 h5 21. Nd3 Ng6 22. Nc5 h4 23. Re3 h3 24. Qd3 Qxd3
25. Nxd3 hxg2 26. Kxg2 Ne7 27. g4 Ng6 28. Rae1 Nd7 29. Kg3 Kg7 30. Re8 Rxe8 31.
Rxe8 Re7 32. Rd8 Ndf8 33. Bb4 Rd7 34. Ra8 b6 35. Rc8 Ne6 36. c3 Rc7 37. Rxc7+
Nxc7 38. Bd6 Nb5 39. Bb8 a5 40. c4 {
1/2-1/2 (40) Riff,J (2494)-Llanes Hurtado,M (2480) Belfort 2012}) 11. Nce2 (11.
Nb5 $5 Bxd2 (11... Bc5 $5) 12. Nd6 Qc7 (12... Bh6 13. Bxh7+ Kxh7 14. Nxf7) 13.
Nxc8 Nxc8 14. Qxd2 Nd6 $11) (11. Re1) 11... Bd6 12. c4 {Novedad} (12. Bf4 Nf8
13. c3 Bxf4 14. Nxf4 Qd6 15. Qd2 f5 16. f3 g5 17. Nfe2 f4 18. Nh1 Nf5 19. Bxf5
Bxf5 20. Rae1 Re8 21. Nc1 Rfe7 22. Nf2 Ng6 23. Nd1 c5 24. Rxe7 Qxe7 25. dxc5
Qxc5+ 26. Nf2 Re3 27. Nb3 Qc4 28. Re1 Rxe1+ 29. Qxe1 Bd7 {
1/2-1/2 (29) Chandler,M (2520)-Roos,J (2330) Bundesliga 1998}) (12. Re1 Nf8 13.
Nf4 Neg6 14. Nxg6 hxg6 15. c4 Bxg3 16. hxg3 Bf5 17. Bf1 Qd7 18. cxd5 cxd5 19.
Rc1 g5 20. Bb4 Ne6 21. g4 Bg6 22. g3 Nd8 23. Bg2 Nc6 24. Ba3 Be4 25. Bxe4 dxe4
26. d5 Ne5 27. Rxe4 Rc8 28. Rxc8+ Qxc8 29. Bd6 Nc4 30. Be7 Ne5 31. d6 Qd7 32.
Qc2 Nc6 33. Qc4 f5 34. Qe6 Qxe6 35. Rxe6 Nb8 36. Bxg5 Nd7 37. Re8+ Kh7 38. Re7
Kg8 39. Re8+ Kh7 40. gxf5 Rxf5 41. Re7 Rxg5 42. Rxd7 Rb5 43. b3 a5 44. Kg2 Rd5
45. Kf3 b5 46. Ke4 Rd2 47. Ke5 Rxa2 48. Rb7 a4 49. Rxb5 a3 50. Ra5 Re2+ 51. Kd5
a2 52. f4 Kg6 53. d7 Rd2+ 54. Ke6 Re2+ 55. Kd6 Rd2+ 56. Ke7 Re2+ 57. Kd8 Kf6
58. g4 Kf7 59. b4 Rb2 60. b5 g6 61. b6 Ke6 62. Ke8 {
1-0 (62) Schut,L (2277)-Atalik,E (2430) Belgrade SRB 2013}) 12... Nf8 (12...
dxc4 13. Bxc4 Nd5) 13. c5 Bc7 14. b4 {parece que esta plan y a4 son un poco
elntos,el blanco deba jugar con Cf4 en algÃ_|n momento con ventaja como
deca Cheparinov durante la retransmision.} (14. Qc2 f5 (14... g6) 15. Nf4
(15. f4) 15... Bxf4 16. Bxf4 Neg6) (14. Nf4 $5) 14... g6 $5 (14... Ne6 {
parece mmas natural con igualdad}) 15. a4 (15. Nf4) 15... h5 $5 {
fiel a su estilo agresivo Rapport hace una jugada inesperada} (15... Ne6 $11)
16. h4 $5 {y Salgado no  se queda atras,Larino comentaba que Te1 era una
jugada mas natural con idea de Cf1 y Ce3} (16. Re1 h4 17. Nf1 h3 18. g3 Bg4
19. Ne3 Bf3 20. Qc2 $13) 16... Ne6 17. Re1 (17. Qc1) 17... f5 18. f4 {
parece mejor} (18. Nf1 Bd7 (18... f4 19. Nh2 Nf5 20. Bxf5 Rxf5 21. Nf3 $14) 19.
Qc2) 18... Kh8 (18... Kh7) 19. Nf1 Ng8 20. g3 Nf6 21. Nh2 Ne4 {
Ahora la posicion esta muy cerrada y las negras estan bien} 22. Nf3 b6 23.
Be3 Rb8 24. Qc2 ({Pareca interesante} 24. b5 Bd7 25. Qc2 Qe8 26. cxb6 Rxb6
27. Bxe4 (27. a5 Rb8) 27... dxe4 28. Ne5 Bxe5 29. fxe5 Nc7 (29... cxb5 30. d5))
24... bxc5 25. bxc5 a5 26. Rab1 Ra8 $6 (26... Kg7 $11 27. Rxb8 Bxb8 28. Rb1 Rb7
) 27. Kg2 (27. Ne5 $5 Bxe5 28. fxe5 g5 $1 $13) (27. Rb2) 27... Ba6 28. Bxa6 (
28. Ne5 Bxe5 29. fxe5 Qe8) 28... Rxa6 29. Rb3 (29. Ne5) (29. Nc1) 29... Rf8 30.
Reb1 Ra8 31. Qd3 {parecia mejor llevar el otro caballo a e5 via c1.d3} (31. Nc1
$14) 31... Qd7 32. Rb7 Rfc8 33. Ne5 Qe8 34. R1b2 (34. Nc3 Nd8 35. R7b2 $14)
34... Nd8 35. R7b3 Ne6 36. Rb7 {Ivan no ve forma de progresar y decide repetir}
(36. Ng1 $5 Rcb8) 36... Nd8 37. R7b3 Ne6 38. Rb7 1/2-1/2

[Event "I Torneo entre Faros"]
[Site "?"]
[Date "2013.10.05"]
[Round "1"]
[White "Bruzon, Lazaro"]
[Black "Cheparinov, Ivan"]
[Result "1/2-1/2"]
[WhiteElo "2685"]
[BlackElo "2672"]
[Annotator "MF Oscar de Prado"]
[PlyCount "77"]
[SourceDate "2010.01.11"]

1. e4 c5 2. Nf3 d6 3. Bb5+ Nd7 (3... Bd7) (3... Nc6) 4. O-O a6 (4... Ngf6) 5.
Bd3 $5 (5. Bxd7+) (5. Bc4 e6 6. c3 Ngf6 7. Re1 b5 8. Bb3 Bb7 9. Bc2 Rc8 10. d4
cxd4 11. Nxd4 Nc5 12. f3 Be7 13. Be3 O-O 14. Nd2 Qc7 15. Rc1 d5 16. Bf2 Bd6 17.
g3 dxe4 18. fxe4 Rfd8 19. Qe2 e5 20. Nf5 Bf8 21. g4 g6 22. Bh4 Qb6 23. Ne3 Rd7
24. Bxf6 Qxf6 25. Rf1 Qd8 26. Rcd1 Ne6 27. Ng2 Nd4 28. cxd4 Rxc2 29. d5 Rxb2
30. Qf3 Rxa2 31. Qh3 Rc7 32. Rf3 Rcc2 33. Rxf7 Qb6+ 34. Kh1 Kxf7 35. Qxh7+ Ke8
36. Rf1 Be7 37. Qf7+ Kd8 38. Qg8+ Kc7 39. Qf7 Qd6 {
0-1 (39) Strausz Janos-Spraggett Kevin It (open), Cannes (France) 1993}) 5...
Ngf6 6. c3 (6. Re1 e5) 6... b5 (6... g6 7. Bc2 Bg7 8. d4 Qc7 9. a4 O-O 10. d5
b6 11. c4 e6 12. Nc3 exd5 13. cxd5 Re8 14. h3 Rb8 15. Qe2 Ne5 16. Nxe5 Rxe5 17.
Be3 Re8 18. Bd3 Bb7 19. Rac1 Re7 20. Qd2 Qd7 21. b3 Bc8 22. Bh6 Bh8 23. Qe2 Re8
24. Rfe1 Ra8 25. Qf3 Qc7 26. Qg3 Nd7 27. f4 Bb7 28. Kh1 Nf6 29. Bc4 Nh5 30. Qf3
Rab8 31. Rcd1 Ra8 32. Rd2 b5 33. axb5 Qa5 34. e5 dxe5 35. Rde2 e4 36. Nxe4 axb5
37. g4 Rxe4 38. Rxe4 Nf6 39. Re7 bxc4 40. bxc4 Bg7 41. Bxg7 Kxg7 42. f5 g5 43.
Qe3 h6 44. Qe6 Rf8 45. Rxb7 Qc3 46. Kg2 Qxc4 47. d6 Qd3 48. Re3 Qd1 49. Re1
Qd2+ 50. Re2 Qd3 51. Re7 c4 52. d7 c3 53. Qc6 Qd4 54. Qc7 Qd3 55. d8=Q Rxd8 56.
Rxf7+ Kg8 57. Rg7+ Kh8 58. Rge7 h5 59. gxh5 g4 60. hxg4 Qd5+ 61. Kg3 Qd4 62.
Qf4 Qxf4+ 63. Kxf4 Nd5+ 64. Kf3 c2 65. Re8+ Kg7 66. h6+ Kf7 67. Rxd8 c1=Q 68.
Rd7+ Kf6 69. Rd6+ Kf7 70. Rd7+ Kf6 71. g5+ Kxg5 72. Rxd5 Qf4+ 73. Kg2 Qg4+ 74.
Kf2 Qf4+ 75. Kg1 Qc1+ 76. Kg2 Qc6 77. Red2 Kxh6 78. Kg3 Kg5 79. f6+ Kg6 80.
R2d3 Qc7+ 81. Rd6 Qc5 {
1/2-1/2 (81) Caruana,F (2786)-Topalov,V (2769) Bucharest 2012}) (6... e5 7. Bc2
Be7 8. d4 O-O 9. Nbd2 b5 10. Re1 Bb7 11. Nf1 Re8 12. Bg5 (12. d5 c4 13. b3 a5
14. bxc4 bxc4 15. Be3 Qc7 16. N3d2 Ba6 17. Ba4 Reb8 18. Bc6 Bb7 19. Bb5 Nc5 20.
Bxc5 Qxc5 21. Bxc4 a4 22. Rb1 Bc8 23. Ne3 Bd7 24. Qc2 Bd8 25. Rxb8 Rxb8 26. Rb1
Rxb1+ 27. Qxb1 Ba5 28. Qb2 g6 29. g3 h5 30. Kg2 h4 31. Qc2 h3+ 32. Kf3 Kg7 33.
Ke2 Bb6 34. Qb2 Ng4 35. Ndf1 Nf6 36. f3 Ba5 37. Kd3 Nh5 38. Nd1 Qg1 39. Qf2 Qh1
40. Ke2 a3 41. Qa7 Ba4 42. Qxa5 Bxd1+ 43. Kxd1 Qxf3+ 44. Be2 Qxe4 45. Qxa3
Qxd5+ 46. Kc1 Qg2 47. Qb2 Nf6 48. a4 Qd5 49. Qb5 Qa2 50. Nd2 Qa1+ 51. Nb1 Ne4
52. Qb4 Nc5 53. Bb5 Qa2 54. Nd2 Qa1+ 55. Kc2 Qa2+ 56. Qb2 Qd5 57. Kb1 Qh1+ 58.
Nf1 Qe4+ 59. Qc2 Qd5 60. Kb2 Qb7 61. Ka3 Qd5 62. Ne3 Qf3 63. Nc4 Qd5 64. a5 Ne4
65. Kb4 Qc5+ 66. Ka4 d5 67. a6 f5 68. Qd3 dxc4 69. Qxc4 {
0-1 (69) Kamsky,G (2741)-Gundavaa,B (2516) Khanty-Mansiysk RUS 2013}) 12... h6
13. Bh4 Bf8 14. dxe5 dxe5 15. Ne3 Qc7 16. Nd2 c4 17. Qf3 Re6 18. Rad1 Rae8 19.
b3 cxb3 20. Bxb3 Rb6 21. c4 Nc5 22. Bxf6 Rxf6 23. Qe2 Qb6 24. cxb5 axb5 25. Nd5
Bxd5 26. Bxd5 Na4 27. Rc1 Bb4 28. Rf1 Nc3 29. Qd3 Qd4 30. Qxd4 exd4 31. Nf3
Ne2+ 32. Kh1 Nxc1 33. Rxc1 d3 34. Kg1 Rd6 35. Kf1 d2 36. Rd1 Kf8 {
0-1 (36) Sax,G (2436)-Cheparinov,I (2687) Bol CRO 2013}) 7. Bc2 (7. Re1) 7...
Bb7 (7... e5) 8. Re1 (8. Qe2 e6 (8... g6 9. d4 cxd4 10. cxd4 Bg7 11. Nc3 Rc8
12. a3 O-O 13. Rd1 Nb6 14. Bd3 Re8 15. a4 b4 16. Nb1 a5 17. Nbd2 e6 18. Nb3 Ra8
19. Bg5 Qd7 20. Bxf6 Bxf6 21. Bb5 Bc6 22. e5 Bg7 23. exd6 Qxd6 24. Ne5 Bxb5 25.
Qxb5 Nd5 26. Nc6 Bh6 27. Ncxa5 Qc7 28. Nc6 Rec8 29. Ne5 Bf4 30. Qe2 Bxe5 31.
dxe5 Qc2 32. Qxc2 Rxc2 33. Rd2 Rc4 34. g3 g5 35. Nd4 Nc3 36. bxc3 bxc3 37. Rd3
Rd8 38. Rad1 Rxa4 39. Ne2 Rxd3 40. Rxd3 c2 41. Rc3 Re4 42. Rxc2 Rxe5 43. Kg2
Rd5 44. g4 h5 45. gxh5 Kg7 46. Rc7 Rd8 47. h3 Rd5 48. Kg3 Rd1 49. f3 Ra1 50.
Rd7 Ra5 51. Nd4 Ra6 52. Nb5 {
1-0 (52) Adams,M (2722)-Dominguez Perez,L (2725) Istanbul 2012}) 9. d4 Be7 10.
Nbd2 Qc7 11. Bd3 O-O 12. Re1 e5 13. dxe5 dxe5 14. c4 b4 15. Nf1 Rfe8 16. Qc2
Nf8 17. Ne3 Ne6 18. Nd5 Qd6 19. a3 a5 20. b3 Nd7 21. Bd2 Bf8 22. Bf1 Bc6 23. g3
Qb8 24. a4 Nd4 25. Qd1 Ra6 26. Bh3 Nb6 27. Rf1 Nc8 28. Nxd4 cxd4 29. Qh5 Nd6
30. Rae1 Ra7 31. f4 Bxd5 32. cxd5 Rae7 33. Qf3 Qa7 34. f5 Rc7 35. f6 g6 36. Qg4
Rc2 37. Rf2 d3 38. Be3 Qc7 39. Rxc2 dxc2 40. Bd2 Qc5+ 41. Kg2 Qd4 42. Bc1 Rc8
43. Qe2 Rc3 44. Bg4 Nb7 45. Qb5 Nd6 46. Qe2 Qc5 {
0-1 (46) Wang Chen (2490)-Ding,L (2660) Xinghua 2012}) 8... e5 (8... e6 9. d3
Be7 10. Nbd2 O-O 11. Nf1 Qc7 12. h3 Rfe8 13. Ng3 Bf8 14. Bd2 Ne5 15. Nh2 Ng6
16. h4 e5 17. Bg5 Nd7 18. Nf5 d5 19. Qg4 f6 20. Bh6 gxh6 21. h5 Kf7 22. hxg6+
hxg6 23. Nh4 g5 24. Qh5+ Ke7 25. Nf5+ Kd8 26. Ng4 Qb6 27. Nge3 d4 28. Nd5 Bxd5
29. exd5 Kc7 30. cxd4 cxd4 31. Rec1 Rad8 32. a4 Kb8 33. axb5 axb5 34. Bd1 Nc5
35. Bf3 Rc8 36. d6 e4 37. Rxc5 Qxc5 38. d7 {
1-0 (38) Becerra Rivero,J (2575)-Amanov,M (2396) Chicago USA 2008}) 9. d4 (9.
d3 Be7 10. a4 O-O 11. Na3 h6 12. Bd2 Bc6 13. d4 exd4 14. cxd4 d5 15. exd5 Nxd5
16. Qe2 c4 17. Be4 Re8 18. Nxc4 N7f6 19. Nce5 Bb7 20. axb5 Nxe4 21. Qxe4 Bf6
22. Qg4 axb5 23. Bxh6 Rxa1 24. Rxa1 Qc8 25. Nd7 g6 26. Nxf6+ Nxf6 27. Qxc8 Rxc8
28. Ne5 Rc2 29. b4 Ne4 30. Be3 Bd5 31. Nd3 Nc3 32. h4 Bc4 33. Ra8+ Kg7 34. Ne5
Nd5 35. Rb8 Nxb4 36. Nxc4 Rxc4 37. Rxb5 Nc2 38. Rc5 Nxe3 39. fxe3 Ra4 40. Kf2
f5 41. h5 gxh5 42. Rxf5 Kg6 43. Rf8 Ra2+ 44. Kf3 Rd2 45. g3 Kg7 46. Rf4 Kg6 47.
Rh4 Kg5 48. Re4 Kg6 49. Re5 Kh6 50. d5 Kg6 51. e4 Kh6 52. Kf4 {
1-0 (52) Hamdouchi,H (2613)-Sebag,M (2527) Nancy FRA 2013}) 9... Be7 (9... cxd4
10. cxd4 Rc8 (10... Be7)) 10. d5 O-O 11. b3 $146 (11. Nbd2 g6 12. Nf1 Nh5 13.
a4 c4 14. Be3 Qc7 15. Ng3 Ng7 16. Bh6 Nc5 17. h3 Rab8 18. axb5 axb5 19. Nh2 Bc8
20. Ng4 f6 21. Ne3 Bd7 22. h4 b4 23. Qe2 b3 24. Bb1 Bb5 25. h5 Qd7 26. Qf3 Bd8
27. Ngf1 Na4 28. Qe2 Ra8 29. Qd2 Bb6 30. Nd1 Ra6 31. hxg6 hxg6 32. Be3 Bxe3 33.
Rxe3 Nh5 34. Rf3 Kg7 35. Ra3 Rh8 36. Ng3 Nf4 37. Ne2 Nxe2+ 38. Qxe2 Qg4 39. Qd2
Qh4 40. Rh3 Qf4 41. Qxf4 exf4 42. Rxh8 Kxh8 43. e5 fxe5 44. Bxg6 Kg7 45. Bf5
Nb6 46. Be4 Rxa3 47. bxa3 Be8 48. Kf1 Bf7 49. Nb2 Nxd5 50. Bxd5 Bxd5 51. a4 Bb7
52. Ke1 d5 53. Kd2 Ba6 54. Nd1 Kf6 55. Nb2 Kf5 56. Nd1 Ke6 57. Nb2 Kd6 58. Nd1
Bc8 59. Nb2 Kc5 60. Nd1 Bg4 61. f3 Bf5 62. Nb2 Kb6 {
0-1 (62) Kuipers,E (2035)-Hoeksema,H (2405) Enschede 1994}) 11... g6 (11... h6)
(11... Re8) 12. Bh6 (12. Nbd2) 12... Re8 13. a4 Nb6 $6 (13... b4 $11) 14. Qe2
c4 $6 (14... Qd7 $142) (14... b4) 15. bxc4 Nxc4 16. Na3 (16. Nbd2) 16... Nxa3
17. Rxa3 Qc7 18. axb5 $2 (18. Rb1 $14) 18... axb5 19. Rxa8 Rxa8 $1 (19... Bxa8
20. Qxb5 Qxc3 21. Bd3 $14 (21. Rc1)) 20. Bd2 $6 (20. Qxb5 Ba6 21. Qa4 Qxc3 $11)
20... b4 21. c4 Ra2 (21... Ba6) 22. Qd1 (22. Bxb4 Ba6 23. Rc1 Bxc4 $11) 22...
Ba6 (22... Qa5 23. Qb1 Qa3 24. Bc1 Qa5 25. Bd2 Qa3 26. Bxb4 (26. Bc1 $11) 26...
Qb2 $11) 23. Bb3 Rb2 24. Qa1 $6 (24. Bc1 Rb1 25. Qd3 Ra1 26. Bd2 Qa5 27. Bxb4
Rxe1+ 28. Bxe1 Qa3 $44) 24... Rxb3 25. Qxa6 Ra3 $2 (25... Rb2 $1 $15) 26. Qb5
b3 27. Bc3 Nd7 (27... Qa7) 28. Nd2 Ra8 (28... Kg7 $11) 29. Qxb3 (29. Nxb3 $1
$14) 29... Rc8 (29... Bg5) 30. g3 (30. Ra1 $14 Bg5 31. Ba5 Qa7 32. Nf3) 30...
Bg5 31. Qb5 Rb8 (31... Nf6 $11) 32. Qc6 Qxc6 33. dxc6 Nc5 34. c7 (34. f4 $1 Bf6
(34... exf4 35. e5 $1 dxe5 36. Rxe5 Bf6 37. Rd5 $14) 35. c7 Rc8 36. Ba5 $14 Ne6
37. c5) 34... Rc8 35. Nf3 Be7 36. Ba5 Ne6 37. Rb1 Nxc7 38. Rb7 Bd8 39. c5 (39.
c5 Ne6 40. Bxd8 Nxc5 $1 41. Rc7 Rxd8 42. Nxe5 dxe5 43. Rxc5) 1/2-1/2

[Event "I Torneo Xadrez entre Faros"]
[Site "?"]
[Date "2013.10.05"]
[Round "1"]
[White "Rapport, Richard"]
[Black "Granda, Julio"]
[Result "0-1"]
[WhiteElo "2676"]
[BlackElo "2665"]
[Annotator "MF Oscar de Prado"]
[PlyCount "88"]
[SourceDate "2010.01.11"]

1. e4 c5 2. Nf3 Nc6 3. Bb5 g6 (3... e6) 4. O-O Bg7 5. Re1 (5. c3) 5... e5 (5...
Nf6 6. c3 O-O) 6. b4 $5 {Interesante gambito que pillo por sorpresa a Granda,
es conocido con cerca de 300 partidas en mi base} (6. Bxc6) (6. c3) 6... Nxb4 {
Lo mas logico,la alternativa era tomar de peon.} (6... cxb4 7. a3 {
parece un Volga con blancas a Granda le preocupaba la casilla d5} Nge7 8. axb4
O-O 9. Bxc6 bxc6 10. Bb2 d6 11. d4 f6 12. Nbd2 Be6 13. c4 g5 14. Qc2 Ng6 15.
Nf1 g4 16. N3d2 f5 17. dxe5 dxe5 18. exf5 Bxf5 19. Ne4 Nf4 20. Rad1 Qh4 21.
Nfg3 Bg6 22. Rd7 Rad8 23. Rxg7+ Kxg7 24. Bxe5+ Kg8 25. Ba1 Ne6 26. c5 Rd5 27.
b5 Qe7 28. bxc6 Rxc5 29. Qa4 Bxe4 30. Qxe4 Qf7 31. Qxg4+ Qg6 32. Qe2 Rxc6 33.
Qe5 Ng7 34. h4 Qf7 35. Rf1 Re6 36. Qd4 Re7 37. h5 h6 38. Qd6 Qe6 39. Qd4 Ref7
40. Qc3 Qg4 41. Qe5 Kh7 42. Qb5 Qxg3 43. fxg3 Rxf1+ 44. Qxf1 Rxf1+ 45. Kxf1
Nxh5 46. g4 Nf4 47. Bc3 Nd5 48. Bd2 Kg6 49. Ke2 a6 50. Kd3 Nf6 51. Kc4 Nxg4 52.
Bxh6 {1/2-1/2 (52) Stellwagen Daniel (NED) (2524)-Carlsen Magnus (NOR) (2553)
Wijk aan Zee (Netherlands) 2005}) 7. Bb2 Qc7 (7... a6 8. a3 axb5 9. axb4 Rxa1
10. Bxa1 cxb4 11. Bxe5 Bxe5 12. Nxe5 Ne7 13. d3 O-O 14. Nd2 d6 15. Nef3 Be6 16.
Qa1 Nc6 17. Qb2 Qb6 18. Nb3 Ra8 19. h4 h6 20. h5 g5 21. Qf6 Bxb3 22. cxb3 g4
23. Nh2 g3 24. Ng4 gxf2+ 25. Kh2 Ne5 26. Nxh6+ Kh7 27. Rf1 Qe3 28. d4 Qxd4 29.
Rxf2 Ra1 30. Qf4 Qd1 31. Qg5 f6 32. Qg8+ Kxh6 33. Qh8+ Kg5 34. Qxf6+ {
1-0 (34) Okkes,M (2305)-Van Wely,L (2675) Enschede NED 2003}) (7... Qb6 8. Na3
a6 9. Bf1 d6 10. c3 Nc6 11. d4 Na5 12. Rb1 Qc7 13. dxe5 dxe5 14. Bc4 Ne7 15.
Bd5 O-O 16. c4 Nac6 17. Nc2 Rb8 18. Ne3 Nd4 19. Bc1 h6 20. h3 Kh7 21. Ng4 Nxd5
22. cxd5 b5 23. Nxd4 cxd4 24. Ba3 Re8 25. Rc1 Qd8 26. f3 b4 27. Bb2 Qa5 28. Rc6
Qxa2 29. Re2 Bxg4 30. fxg4 b3 31. Rf2 Re7 32. Qf1 a5 33. Rxf7 Rxf7 34. Qxf7
Qb1+ 35. Bc1 b2 36. Qxg6+ Kh8 {
0-1 (36) Mork,K (2289)-Shengelia,D (2565) Vienna AUT 2013}) 8. c3 (8. Nc3 Ne7
9. a3 Nbc6 10. Nd5 Qd8 11. Bxc6 Nxc6 12. d4 cxd4 13. c3 dxc3 14. Bxc3 O-O 15.
Qd3 d6 16. Rab1 b6 17. Red1 Bg4 18. h3 Bxf3 19. Qxf3 Rc8 20. Qd3 Qd7 21. Rbc1
Ne7 22. Nxe7+ Qxe7 23. Bb4 Qd7 24. Qxd6 Qxd6 25. Bxd6 Rfd8 26. Be7 Rxd1+ 27.
Rxd1 Bf8 28. Rd7 a6 29. Bxf8 Kxf8 30. Ra7 a5 31. Rb7 Rc1+ 32. Kh2 Rb1 33. Kg3
h5 34. Kh4 Kg7 35. g4 hxg4 36. hxg4 Rb3 37. a4 Kf6 38. g5+ Kg7 39. Kg4 Rb4 40.
f3 Kf8 41. Kg3 Ke8 42. Kg4 Kf8 43. Kg3 Kg8 44. Kg4 Rxa4 45. Rxb6 Ra1 46. Rb5
Rg1+ {1/2-1/2 (46) Stellwagen,D (2575)-Blokhuis,J (2372) Netherlands NED 2006})
8... Nc6 9. d4 d6 $6 (9... exd4 10. cxd4 (10. e5) 10... Nge7 (10... cxd4 11.
Nxd4 Qb6 12. e5 a6 13. Nf5 gxf5 14. e6 Bxb2 15. exd7+ Kf8 16. Bxc6 Bxd7 17.
Qd6+ Kg7 18. Qg3+ Kh6 19. Qh4+ Kg6 20. Qg3+ $11) 11. Nc3 cxd4 12. Nd5 Qd8 13.
Ba3 O-O 14. Bd6 b6 15. Qd2 Bb7 16. Qf4 Nxd5 17. exd5 Na5 18. Re7 a6 19. Rxd7
axb5 20. Rxd8 Rfxd8 21. Be5 Rxd5 22. Bxg7 Kxg7 23. Nxd4 Rad8 24. Nc2 Rd1+ 25.
Ne1 Nc4 26. Rxd1 Rxd1 27. Kf1 Be4 28. f3 Bd3+ 29. Kf2 Rd2+ 30. Kg3 Bf1 31. h3
Re2 32. Qd4+ f6 33. Qd7+ Kh6 34. Qf7 Rxe1 {
1/2-1/2 (34) Foygel,I (2474)-Kreiman,B (2497) Seattle USA 2003}) (9... cxd4 10.
cxd4 exd4 11. e5 $44) 10. d5 $1 a6 11. Na3 Ke7 $5 (11... axb5 $6 12. Nxb5 $16)
(11... Bf8 $14) 12. Bf1 (12. dxc6 axb5 13. Nxb5 Qxc6 14. c4 $44) (12. Ba4)
12... Nd8 $6 $146 (12... Nb8 13. Nc4 b5 14. Ne3 c4 15. a4 Bb7 16. axb5 axb5 17.
Rxa8 Bxa8 18. Ba3 Na6 19. Qb1 Qd7 20. Bxc4 bxc4 21. Nxc4 Nc5 22. Bxc5 dxc5 23.
Qb6 Qc8 24. Ra1 Nf6 25. Ra7+ Nd7 26. Qd6+ Ke8 27. Nb6 Nxb6 28. Qe7# {
1-0 (28) Bok,B (2346)-Kuipers,S (2343) Venlo NED 2009}) (12... Na5 $1 $11) (
12... Na7) 13. Nc4 b5 14. Ne3 (14. Ncd2 $1 $14) 14... Nf6 15. c4 (15. a4) (15.
Qc2) 15... b4 (15... Bd7) (15... Nxe4) 16. Nd2 $6 (16. a3 $1 Nb7 (16... Nxe4
17. axb4 (17. Bd3 Nc3 18. Qc1 Rb8 19. axb4 cxb4 20. Nc2 a5 21. Bxc3 bxc3) 17...
cxb4 $11 18. Nc2 f5 19. Nxb4 $44) 17. axb4 cxb4 18. Nc2) 16... Kf8 $5 (16...
Re8 17. Bd3 Kf8 $15) 17. g3 (17. a3) 17... h5 18. f4 (18. a3) (18. h3) 18...
Nb7 (18... Ng4 $1 $15) 19. Bg2 (19. fxe5 dxe5 20. Ng2) 19... Bd7 (19... Ng4 $1
$15) 20. Rf1 (20. Qf3) 20... Re8 21. Qf3 Re7 22. Rae1 (22. fxe5 dxe5 (22... Ng4
$5) 23. h3 $13) 22... a5 23. Nb3 $2 (23. h3 Qc8 $15) 23... a4 24. Nc1 a3 25.
Ba1 Kg8 26. h3 (26. Nd3 $2 Nxe4 27. Qxe4 f5 28. Qf3 e4 29. Qe2 exd3 30. Qxd3
Bxa1 31. Rxa1 Na5 $17) (26. Nb3 $17) 26... Bc8 (26... Qc8 $17) 27. fxe5 (27.
Ne2) 27... dxe5 $17 28. Nd3 Qd6 $2 (28... Nd6 $1 $19) 29. Rf2 Nd7 30. g4 $5 (
30. Ref1 f6 $17 (30... Na5)) 30... hxg4 31. Nxg4 (31. Qxg4 Qc7 $17) (31. hxg4
Bh6 $19) 31... Na5 32. Ne3 Ba6 33. Rc2 Bh6 $1 34. Ng4 Bxc4 $19 (34... Bg5 $19)
35. Bf1 Bg7 36. Qg3 Ba6 (36... b3) 37. Ne3 (37. Nxc5 Bxf1 38. Nxd7 Rxh3 39.
Rc8+ Kh7 40. Nf8+ Bxf8 41. Qf2 Bg7 $19) 37... c4 38. Nc1 Nb6 39. Rg2 Rh7 40.
Bd4 Na4 41. h4 Nb7 42. Ba1 Qb6 43. Kh1 Nd6 44. Ng4 Nc5 (44... Nc5 45. Nxe5
Ncxe4 46. Qf4 Bxe5 47. Bxe5 Rxe5 48. Qxe5 Rxh4+ 49. Rh2 Qf2 $19) 0-1